000
00257nam a2200097Ia 4500
001
990070
005
20250826221304.0
008
250824s9999 xx 000 0 und d
245
0
_a
GÖKTÜERK PRENSİ
_c
ZÜBEYİR TOKGÖZ
260
_b
İLK GENÇ TİMAŞ YAYINLARI
999
_c
990070
_d
990070